On This Day: April 22nd II Quiz Stats

 Plays Quiz Updated Apr 22, 2018

Score 0/7 Timer 03:00
0 Plays Today
Question Answer Wrong Answers
The Royal Canadian Mounted Police, known colloquially by this nickname, stop a terrorist plot to derail a Toronto area service train.
2013
Mounties
94.5%
Moosies
1.2%
Manlies
0.5%
Maple Leafs
2.4%
Increased American bombing in this country prompts anti-war protests in Los Angeles, New York City, and San Francisco.
1972
Vietnam
91.3%
Lebanon
2.9%
Bolivia
0.9%
Iraq
3.7%
This American physicist and academic, commonly credited as the ‘father of the atomic bomb’, is born.
1904
J. Robert Oppenheimer
85.4%
Werner Heisenberg
6.7%
Enrico Fermi
3.7%
Niels Bohr
4%
The ______ Agreement, an agreement to help fight climate change, is signed.
2016
Paris
78.2%
London
1.3%
Vienna
4.9%
Geneva
14.2%
This first game of the National League is played at the Jefferson Street Grounds in Philadelphia, typically considered the beginning of the ______.
1876
MLB
69.6%
NBA
12.1%
NFL
13.2%
NHL
5%
In the midst of the Second ______, live television coverage of the Army–McCarthy hearings begin, greatly contributing to Senator Joseph McCarthy's decline in popularity.
1954
Red Scare
66.8%
Bolshevik Terror
3.3%
Communist Crackdown
26.6%
Marxist Fright
2.3%
After learning that ______ forces took Eberswalde without a fight, Adolf Hitler admits defeat in his underground bunker, and states that suicide is his only recourse.
1945
Soviet
55.3%
American
28.9%
British
11.7%
French
3.5%

You're not logged in!

Compare scores with friends on all Sporcle quizzes.
OR
Log In

Sporcle TV

Today on Sporcle TV


Watch our educational content, quiz creation guides, and fun videos on Sporcle TV.

Show Comments

Extras

Top Quizzes Today


Score Distribution

Your Account Isn't Verified!

In order to create a playlist on Sporcle, you need to verify the email address you used during registration. Go to your Sporcle Settings to finish the process.

Report this User

Report this user for behavior that violates our Community Guidelines.

Details: